Kỹ thuật nuôi cá La Hán-cá dĩa-cá rồng-cá vàng-cá xiêm-cá bảy màu

Saved in:
Bibliographic Details
Format: Book
Language:Undetermined
Published: Hà Nội Lao động 2007
Subjects:
Tags: Add Tag
No Tags, Be the first to tag this record!
Institutions: Trung tâm Học liệu Trường Đại học Cần Thơ
LEADER 00578nam a2200181Ia 4500
001 CTU_127871
008 210402s9999 xx 000 0 und d
020 |c 48000 
082 |a 639.342 
082 |b K600 
245 0 |a Kỹ thuật nuôi cá La Hán-cá dĩa-cá rồng-cá vàng-cá xiêm-cá bảy màu 
245 0 |c Vương Trung Hiếu biên soạn 
260 |a Hà Nội 
260 |b Lao động 
260 |c 2007 
650 |a Fish-culture,Ornamental fishes 
904 |i Tuyến 
980 |a Trung tâm Học liệu Trường Đại học Cần Thơ